| Tag |
First Indicator |
Second Indicator |
Subfields |
| LEADER |
00000cam a2200000 a 4500 |
| 001 |
in00001471925 |
| 005 |
20151021051820.0 |
| 008 |
971107s1997 at ab b 001 0 eng c |
| 020 |
|
|
|a 0909605785 :
|c $49.95
|
| 035 |
|
|
|a (OCoLC)38832342
|
| 035 |
|
|
|9 AJE1735AM
|
| 040 |
|
|
|a AUT
|c AUT
|d UMC
|d TXA
|d UtOrBLW
|
| 042 |
|
|
|a pcc
|
| 043 |
|
|
|a u-at---
|
| 049 |
|
|
|a TXAM
|
| 050 |
|
4 |
|a SB764.A8
|b E45 1997
|
| 082 |
0 |
4 |
|a 634.9670994
|2 21
|
| 100 |
1 |
|
|a Elliott, H. J.
|q (Humphrey J.)
|
| 245 |
1 |
0 |
|a Insect pests of Australian forests :
|b ecology and management /
|c H.J. Elliott, C.P. Ohmart and F.R. Wylie.
|
| 263 |
|
|
|a 9712
|
| 264 |
|
1 |
|a Melbourne :
|b Inkata Press ;
|a Noburn, Mass. :
|b Butterworth-Heineman,
|c 1997.
|
| 300 |
|
|
|a 214 pages, 60 unnumbered pages of plates :
|b illustrations (some color), color map ;
|c 26 cm.
|
| 336 |
|
|
|a text
|b txt
|2 rdacontent
|
| 337 |
|
|
|a unmediated
|b n
|2 rdamedia
|
| 338 |
|
|
|a volume
|b nc
|2 rdacarrier
|
| 500 |
|
|
|a Includes bibliographical references (pages 179-200) and index.
|
| 650 |
|
0 |
|a Trees
|x Diseases and pests
|z Australia.
|
| 650 |
|
0 |
|a Forest insects
|z Australia.
|
| 650 |
|
0 |
|a Forest insects
|z Australia
|x Identification.
|
| 700 |
1 |
|
|a Ohmart, C. P.
|q (Clifford P.)
|
| 700 |
1 |
|
|a Wylie, F. R.
|
| 948 |
|
|
|a c:en
|
| 999 |
|
|
|a MARS
|
| 999 |
f |
f |
|s 7395a3e3-4c95-38a9-911c-4a49ecea8544
|i b15996f3-8b73-3bd6-ab22-558bf5195b85
|t 0
|
| 952 |
f |
f |
|p ric
|a Texas A&M University
|b Rellis Campus
|c Joint Library Facility
|d Remote Storage
|t 0
|e SB764.A8 E45 1997
|h Library of Congress classification
|i unmediated -- volume
|m A14823935653
|
| 998 |
f |
f |
|a SB764.A8 E45 1997
|t 0
|l Remote Storage
|